[Event "FRA-chT4 1415"]
[Site "Champagne Ardennes"]
[Date "2015.01.11"]
[Round "4"]
[White "Peteuil, Camille"]
[Black "Ramos, Vincent"]
[Result "0-1"]
[WhiteElo "1450"]
[BlackElo "1199"]
[PlyCount "78"]
[EventDate "2014.10.16"]
[EventType "team-tourn"]
[EventRounds "7"]
[EventCountry "FRA"]
[SourceTitle "EXT 2024"]
[Source "ChessBase"]
[SourceDate "2023.10.10"]
[SourceVersion "1"]
[SourceVersionDate "2023.10.10"]
[SourceQuality "1"]

1. e4 e5 2. Nf3 Nc6 3. Bc4 Bc5 4. Nc3 Nf6 5. d3 Ng4 6. 0-0 0-0 7. Ng5 Nh6 8. Qh5 Qe7 9. Nb5 d6 10. Nxf7 Nxf7 11. Bg5 Qd7 12. Qf3 Nd4 13. Nxd4 Bxd4 14. c3 b5 15. Bb3 Bb6 16. Rad1 Bb7 17. Qg3 d5 18. Bf6 g6 19. h4 dxe4 20. dxe4 Qc6 21. h5 Qxf6 22. Rd7 Bxe4 23. Re1 Bc6 24. Rxf7 Rxf7 25. Rxe5 Re8 26. Bxf7+ Qxf7 27. Kh2 Rxe5 28. Qxe5 Qxf2 29. Qe6+ Qf7 30. Qxc6 Qf4+ 31. Kh3 Qf5+ 32. Kh2 Qxh5+ 33. Kg3 Qe5+ 34. Kh3 Qe3+ 35. Kg4 h5+ 36. Kh4 Qf2+ 37. Kh3 Qe3+ 38. Kh4 Qf4+ 39. Kh3 Qg4+ 0-1